Účetnictví úplný soubor předpisů pro jednoduché a podvojné účetnictví podnikatelů

Gespeichert in:
Bibliographische Detailangaben
Format: Buch
Sprache:Tschechisch
Veröffentlicht: Ostrava SAGIT 1994
Ausgabe:1. vyd.
Schriftenreihe:Úplné znění č. 29
Schlagworte:
Tags: Tag hinzufügen
Keine Tags, Fügen Sie das erste Tag hinzu!

MARC

LEADER 00000nam a2200000 4500
001 c010090
005 20221214075014.7
041 0 |a cze 
044 |a CZ 
245 1 0 |a Účetnictví  |b úplný soubor předpisů pro jednoduché a podvojné účetnictví podnikatelů 
250 |a 1. vyd. 
264 1 |a Ostrava  |b SAGIT  |c 1994 
300 |a 96 s. 
490 1 |a Úplné znění  |v č. 29 
830 0 |a Úplné znění  |v č. 29 
610 2 0 |a účtovníctvo 
610 2 0 |a predpisy právne 
610 2 0 |a účtovníctvo podvojné 
610 2 0 |a účtovníctvo jednoduché 
610 2 0 |a podnikatelia 
610 2 0 |a zákony 
610 2 0 |a Česko